01478nam a2200337 a 4500001001200000003000800012006001900020007001500039008004100054010001700095020002300112020002300135040002100158035002100179050002400200082001900224100002300243245006200266260004400328300001100372500002000383505026900403533015200672650004300824650004100867650004100908655002900949710001700978856012600995999001901121ebr10427128CaPaEBRm u cr cn|||||||||091028s2010 enk s 001 0 eng  z 2009045430 z9780826438294 (hc) z9780826422316 (hc) aCaPaEBRcCaPaEBR a(OCoLC)67669589214aBM195b.C636 2010eb04a296.09/0512221 aCohn-Sherbok, Dan.10aJudaism todayh[electronic resource] /cDan Cohn-Sherbok. aLondon ;aNew York :bContinuum,c2010. a191 p. aIncludes index.0 aAn introduction to the Jewish faith -- Sources of authority -- The effects of the Jewish enlightenment -- Modern biblical scholarship and the rise of science -- The religious impact of the Holocaust -- The status of women -- Jewish ethics -- The future of Judaism. aElectronic reproduction.bPalo Alto, Calif. :cebrary,d2013.nAvailable via World Wide Web.nAccess may be limited to ebrary affiliated libraries. 0aJudaismxHistoryyModern period, 1750- 0aJewish sectsxHistoryy19th century. 0aJewish sectsxHistoryy20th century. 7aElectronic books.2local2 aebrary, Inc.40uhttp://site.ebrary.com/lib/rucke/Doc?id=10427128zAn electronic book accessible through the World Wide Web; click to view c144115d144115